Составы и технология получения гранулированного пеностеклокристаллического материала на основе композиций диатомита с гидроксидом натрия: автореферат диссертации на соискание ученой степени кандидата технических наук; спец. 05.17.11

Bibliographic Details
Main Author: Сеник Н. А. Нина Александровна
Corporate Author: Национальный исследовательский Томский политехнический университет (ТПУ) Кафедра технологии силикатов и наноматериалов
Other Authors: Вакалова Т. В. Татьяна Викторовна (научный руководитель)
Summary:Защита сост. 5.06.2013 г.
Language:Russian
Published: Томск, 2013
Subjects:
Format: Book
KOHA link:https://koha.lib.tpu.ru/cgi-bin/koha/opac-detail.pl?biblionumber=240639

MARC

LEADER 00000nam0a2200000 4500
001 240639
005 20231219135452.0
035 |a (RuTPU)RU\TPU\book\261897 
090 |a 240639 
100 |a 20130624d2013 k y0rusy50 ca 
101 0 |a rus 
102 |a RU 
105 |a a dm 001zy 
200 1 |a Составы и технология получения гранулированного пеностеклокристаллического материала на основе композиций диатомита с гидроксидом натрия  |e автореферат диссертации на соискание ученой степени кандидата технических наук  |e спец. 05.17.11  |f Н. А. Сеник  |g Национальный исследовательский Томский политехнический университет (ТПУ), Кафедра технологии силикатов и наноматериалов ; науч. рук. Т. В. Вакалова 
210 |a Томск  |d 2013 
215 |a 21 с.  |c ил. 
300 |a Защита сост. 5.06.2013 г. 
320 |a Библиогр.: с. 20-21 (14 назв.). 
452 1 |0 (RuTPU)RU\TPU\book\258910  |t Составы и технология получения гранулированного пеностеклокристаллического материала на основе композиций диатомита с гидроксидом натрия  |o автореферат диссертации на соискание ученой степени кандидата технических наук  |o спец. 05.11.11  |f Н. А. Сеник  |g Национальный исследовательский Томский политехнический университет (ТПУ) ; науч. рук. Т. В. Вакалова  |c Томск  |d 2013  |a Сеник, Нина Александровна 
606 1 |a Пеностекло  |x Химическая технология  |2 stltpush  |3 (RuTPU)RU\TPU\subj\34671  |9 56569 
610 1 |a пеностеклокристаллические материалы 
610 1 |a получение 
610 1 |a физико-химические процессы 
610 1 |a технологические процессы 
610 1 |a заданные свойства 
610 1 |a природное сырье 
610 1 |a сырьевые материалы 
610 1 |a технологические параметры 
610 1 |a шихта 
610 1 |a состав 
610 1 |a высокопористые гранулированные материалы 
610 1 |a диатомиты 
610 1 |a авторефераты диссертаций 
610 1 |a труды учёных ТПУ 
675 |a 666.183.3(04)  |v 3 
686 |a 05.17.11  |2 oksvnk 
700 1 |a Сеник  |b Н. А.  |c химик-технолог  |c инженер Томского политехнического университета  |g Нина Александровна  |3 (RuTPU)RU\TPU\pers\31094 
702 1 |a Вакалова  |b Т. В.  |c химик-технолог  |c профессор Томского политехнического университета, доктор технических наук  |f 1956-  |g Татьяна Викторовна  |3 (RuTPU)RU\TPU\pers\26197  |4 727  |9 12005 
712 0 2 |a Национальный исследовательский Томский политехнический университет (ТПУ)  |b Кафедра технологии силикатов и наноматериалов  |c (2009- )  |3 (RuTPU)RU\TPU\col\15902 
801 1 |a RU  |b 63413507  |c 20130624 
801 2 |a RU  |b 63413507  |c 20200826  |g RCR 
942 |c BK